Investigation into the relationship between size and profitability and persistendoy of profitability with special reference to textiles (Record no. 544350)

MARC details
000 -LEADER
fixed length control field 01081nam a2200265Ia 4500
003 - CONTROL NUMBER IDENTIFIER
control field OSt
005 - DATE AND TIME OF LATEST TRANSACTION
control field 20220925202837.0
008 - FIXED-LENGTH DATA ELEMENTS--GENERAL INFORMATION
fixed length control field 220923b |||||||| |||| 00| 0 eng d
037 ## - SOURCE OF ACQUISITION
Terms of availability General Book
040 ## - CATALOGING SOURCE
Original cataloging agency RTL
Transcribing agency RTL
Language of cataloging eng
041 ## - LANGUAGE CODE
Source of code eng
Language code of text/sound track or separate title eng
100 ## - MAIN ENTRY--PERSONAL NAME
Personal name AGARWAL Pradeep
9 (RLIN) 264464
245 #0 - TITLE STATEMENT
Title Investigation into the relationship between size and profitability and persistendoy of profitability with special reference to textiles
Remainder of title spinning and weaving and ohemioles industries in India.
260 ## - PUBLICATION, DISTRIBUTION, ETC.
Place of publication, distribution, etc. Delhi
Name of publisher, distributor, etc. University of Delhi
Date of publication, distribution, etc. 1985
300 ## - PHYSICAL DESCRIPTION
Extent iv, 87p
Dimensions cm.
490 ## - SERIES STATEMENT
Series statement University of Delhi, Commerce and Business (Faculty of-), Dissertation. Dissertation, University of Delhi, Commerce and Business (Faculty of-
650 ## - SUBJECT ADDED ENTRY--TOPICAL TERM
Topical term or geographic name entry element Textiles
9 (RLIN) 252858
650 ## - SUBJECT ADDED ENTRY--TOPICAL TERM
Topical term or geographic name entry element Industrial Economics
942 ## - ADDED ENTRY ELEMENTS (KOHA)
Classification part X9(M7:2):8DR.2.N80<--N71, M5/Th
Koha item type General Books
Source of classification or shelving scheme Colon Classification (CC)
Holdings
Withdrawn status Lost status Damaged status Not for loan Home library Current library Date acquired Source of acquisition Total Checkouts Full call number Barcode Date last seen Price effective from Koha item type
        Ratan Tata Library Ratan Tata Library 2022-09-25 DSE, DISS   X9(M7:2):8DR.2.N80<--N71 M5/Th RT0948128 2022-09-25 2022-09-25 General Books
Copyright @ Delhi University Library System